00572nam a22001697a 450000500170000001000150001702000260003203500140005803700130007208200140008510000160009924500710011526000450018627000660023130000360029750000690033320181110115149.0 aENG-124461 a9780199485543c995.00 aEN-107993 bDBAD/PUB a327.54051 aSen, Tansen aIndia, china, and the world:cby Tansen Senba connected history / aNew DelhibOxford University Pressc2018 bNew Delhie110002a2/11 Ground Floor, Ansari Road, Daryaganj, axviii,541pc22cm.(Hb)bill.map. aIt includes conclusion, bibliography, index and about the author